000 00588nam a22002177i 4500
001 3720
003 OSt
005 20170126082322.0
007 tu
008 161220s1997 xxu||||| |||| 00| 0 d
024 7 _a3719
_2RID
040 _cOSt
084 _a21.05
_a21.02
_2z
100 1 _aDutschke, Michael
245 0 0 _aJoint Implementation as Development Policy - The Case of Costa Rica
260 _aHamburg :
_bHWWA-Institut für Wirtschaftsforschung,Hamburg,
_c1997.
300 _a52 S. ;
_c30cm.
490 _aHWWA-Diskussionspapier
_v49
651 _aCosta Rica
700 1 _aMichaelowa, Axel
942 _cB
999 _c3663
_d3663